[Event "Mosquera op"]
[Site "Mosquera"]
[Date "2014.10.31"]
[Round "3"]
[White "Castro, Lennin David"]
[Black "Guerrero, Hernando"]
[Result "0-1"]
[WhiteElo "2016"]
[BlackElo "1839"]
[PlyCount "29"]
[EventDate "2014.10.30"]
[EventType "swiss"]
[EventRounds "9"]
[EventCountry "COL"]
[SourceTitle "EXT 2015"]
[Source "ChessBase"]
[SourceDate "2014.11.20"]
[SourceVersion "1"]
[SourceVersionDate "2014.11.20"]
[SourceQuality "1"]

1. d4 Nf6 2. c4 d5 3. Nc3 g6 4. Bf4 c6 5. Nf3 Bg7 6. Qb3 dxc4 7. Qxc4 0-0 8. e4 Nbd7 9. Qb3 Qb6 10. Qc2 Ng4 11. h3 Ngf6 12. Bc4 Qa5 13. 0-0 Qh5 14. Ne2 b5 15. Bb3 0-1

[Event "Bogota-ch sf"]
[Site "Bogota"]
[Date "2014.03.24"]
[Round "6"]
[White "Bejarano, Danny Andres"]
[Black "Castro, Lennin David"]
[Result "1/2-1/2"]
[WhiteElo "2008"]
[BlackElo "1928"]
[PlyCount "36"]
[EventDate "2014.03.21"]
[EventType "swiss"]
[EventRounds "7"]
[EventCountry "COL"]
[SourceTitle "CBM 159 Extra"]
[Source "ChessBase"]
[SourceDate "2014.04.24"]
[SourceVersion "1"]
[SourceVersionDate "2014.04.24"]
[SourceQuality "1"]

1. e4 g6 2. d4 Bg7 3. f4 d6 4. Nc3 c6 5. Nf3 Nf6 6. Bd3 Nbd7 7. e5 dxe5 8. dxe5 Nd5 9. Ne4 N7b6 10. 0-0 Bf5 11. Nh4 Bxe4 12. Bxe4 e6 13. Qe1 Qe7 14. a4 a5 15. b3 0-0 16. Qg3 Qc5+ 17. Kh1 Qc3 18. Qxc3 Nxc3 1/2-1/2

[Event "Caracas Metro"]
[Site "Fuerte Tiuna"]
[Date "2014.02.14"]
[Round "4"]
[White "Castro, Lennin David"]
[Black "Zambrano Rodriguez, Alexander"]
[Result "0-1"]
[WhiteElo "1918"]
[BlackElo "2234"]
[PlyCount "86"]
[EventDate "2014.02.12"]
[EventType "tourn"]
[EventRounds "9"]
[EventCountry "VEN"]
[SourceTitle "CBM 158 Extra"]
[Source "ChessBase"]
[SourceDate "2014.02.28"]
[SourceVersion "1"]
[SourceVersionDate "2014.02.28"]
[SourceQuality "1"]

1. d4 d5 2. Nf3 Nf6 3. Nbd2 Bf5 4. c4 c6 5. e3 e6 6. Qb3 Qb6 7. Be2 Nbd7 8. c5 Qc7 9. Qc3 h6 10. b4 Be7 11. a4 0-0 12. Ba3 Ne4 13. Qb2 Bf6 14. Nxe4 Bxe4 15. Rd1 e5 16. 0-0 Rfe8 17. Rfe1 exd4 18. exd4 Nf8 19. Qa1 Ne6 20. Bb2 Nf4 21. Bf1 Nh3+ 22. gxh3 Bxf3 23. Rxe8+ Rxe8 24. Re1 Re4 25. Rxe4 dxe4 26. Bc1 Qd7 27. Be3 Qf5 28. Bg2 Bg5 29. Qf1 Bxe3 30. fxe3 Qg5 31. Kf2 Qh4+ 32. Kg1 Bxg2 33. Kxg2 Qg5+ 34. Kf2 Qd5 35. a5 a6 36. Kg3 Qg5+ 37. Kf2 Kf8 38. Ke2 Ke7 39. Kd2 Ke6 40. Qc4+ Qd5 41. Qc2 f5 42. Kd1 g5 43. Ke2 f4 0-1

[Event "Caracas Metro"]
[Site "Fuerte Tiuna"]
[Date "2014.02.13"]
[Round "2"]
[White "Castro, Lennin David"]
[Black "Leyva Proenza, Ricardo"]
[Result "1/2-1/2"]
[WhiteElo "1918"]
[BlackElo "2362"]
[PlyCount "33"]
[EventDate "2014.02.12"]
[EventType "tourn"]
[EventRounds "9"]
[EventCountry "VEN"]
[SourceTitle "CBM 158 Extra"]
[Source "ChessBase"]
[SourceDate "2014.02.28"]
[SourceVersion "1"]
[SourceVersionDate "2014.02.28"]
[SourceQuality "1"]

1. e4 e5 2. Nf3 Nc6 3. Bc4 Nf6 4. 0-0 Nxe4 5. Nc3 Nxc3 6. dxc3 Be7 7. Qd5 0-0 8. Nxe5 Nxe5 9. Qxe5 d6 10. Qg3 Bf6 11. Be3 Bf5 12. Bd3 Bxd3 13. cxd3 Qd7 14. Bg5 Bxg5 15. Qxg5 Rfe8 16. Rfe1 h6 17. Qd2 1/2-1/2

[Event "Caracas Metro"]
[Site "Fuerte Tiuna"]
[Date "2014.02.13"]
[Round "3"]
[White "Pinero Salas, Carlos Julio"]
[Black "Castro, Lennin David"]
[Result "1-0"]
[WhiteElo "2138"]
[BlackElo "1918"]
[PlyCount "61"]
[EventDate "2014.02.12"]
[EventType "tourn"]
[EventRounds "9"]
[EventCountry "VEN"]
[SourceTitle "CBM 158 Extra"]
[Source "ChessBase"]
[SourceDate "2014.02.28"]
[SourceVersion "1"]
[SourceVersionDate "2014.02.28"]
[SourceQuality "1"]

1. e4 d6 2. d4 Nf6 3. Nc3 g6 4. f3 Bg7 5. Be3 c6 6. Qd2 b5 7. h4 h5 8. Nh3 Bb7 9. Bd3 a6 10. Ng5 Nbd7 11. Ne2 c5 12. c3 e5 13. d5 Nh7 14. g3 Nxg5 15. hxg5 Qe7 16. Kf2 f6 17. a4 c4 18. Bc2 0-0 19. Kg2 Qf7 20. gxf6 Nxf6 21. Ng1 Nh7 22. Bd1 Qd7 23. Nh3 a5 24. axb5 Qxb5 25. g4 hxg4 26. fxg4 Qd7 27. Be2 Nf6 28. Nf2 a4 29. g5 Nh7 30. Rh4 Rf7 31. Bg4 1-0